000 00655nam a2200205Ia 4500
005 20260121110228.0
008 008 260114s9999 xx 000 0 hin d
020 _a9788132300342
037 _aEBOOK
040 _aCRL
_bhin
_cCRL
041 _ahin
_2hin
084 _qCRL
100 _aवीरेन्द्र कुमार / Virendra Kumar
_9943611
245 0 _aभारत में राजनीति / Bharat Mein Rajneeti
260 _bभाषा प्रकाशन / Bhasha Prakashan
_c2020
856 _uhttps://bhashaprakashan.com/product-details/377700
942 _cEBOOK
999 _c1535276
_d1535276